[Event "World Rapid 2025"]
[Site "Doha QAT"]
[Date "2025.12.28"]
[Round "12.23"]
[White "Moussard, Jules"]
[Black "Sahidi, Samir"]
[Result "0-1"]
[WhiteTitle "GM"]
[BlackTitle "IM"]
[WhiteElo "2600"]
[BlackElo "2516"]
[WhiteFideId "642908"]
[BlackFideId "14936372"]
[EventDate "2025.12.26"]

1. e4 e5 2. Nf3 Nc6 3. Bb5 Nf6 4. d3 Bc5 5. c3 O-O 6. O-O d6 7. Nbd2 Bd7 8. Ba4
a6 9. h3 Ba7 10. Re1 Ne7 11. Bc2 Ng6 12. d4 Re8 13. Nf1 Nh5 14. Be3 Nhf4 15. Ng3
Be6 16. Bb3 Qd7 17. Bxe6 Qxe6 18. Qc2 f6 19. d5 Qd7 20. Kh2 c6 21. c4 cxd5 22.
cxd5 Rec8 23. Qb3 Ne7 24. a4 Bxe3 25. Rxe3 Rc5 26. Rc3 Rxc3 27. Qxc3 Rc8 28. Qb3
Rc5 29. Re1 Qc7 30. Ne2 Nxe2 31. Rxe2 a5 32. Qd3 Nc8 33. b3 Nb6 34. Re3 Rc1 35.
Nd2 Qc5 36. Nf1 Qb4 37. Ng3 g6 38. Ne2 Rc7 39. Qd1 Nd7 40. h4 Nc5 41. Nc3 Rf7
42. Nb5 Nxe4 43. f3 Nc5 44. Nxd6 Qf4+ 45. Kh3 Qxe3 46. Nxf7 Kxf7 47. Qc2 Qd4 48.
h5 Qxd5 0-1

[Event "World Rapid 2025"]
[Site "Doha QAT"]
[Date "2025.12.28"]
[Round "12.24"]
[White "Firouzja, Alireza"]
[Black "Zemlyanskii, Ivan"]
[Result "1-0"]
[WhiteTitle "GM"]
[BlackTitle "GM"]
[WhiteElo "2762"]
[BlackElo "2592"]
[WhiteFideId "12573981"]
[BlackFideId "24249971"]
[EventDate "2025.12.26"]

1. e4 c5 2. Nf3 e6 3. d3 Nc6 4. g3 g6 5. Bg2 Bg7 6. c3 e5 7. Be3 d6 8. O-O Nge7
9. h3 O-O 10. Na3 h6 11. b4 cxb4 12. cxb4 d5 13. b5 dxe4 14. dxe4 Nd4 15. Nc4
Nxb5 16. Nfxe5 Qxd1 17. Raxd1 Be6 18. Rb1 a6 19. a4 Rac8 20. Nb6 Nc3 21. Nxc8
Nxc8 22. f4 Nxb1 23. Rxb1 Nd6 24. Bc5 Rd8 25. Rd1 Bf8 26. Ng4 Nxe4 27. Nf6+ Kh8
28. Rxd8 Nxc5 29. Rxf8+ Kg7 30. Rb8 Kxf6 31. a5 Ke7 32. Bxb7 Bxh3 33. Bd5 Bd7
34. Bc4 g5 35. Rb6 gxf4 36. gxf4 Be6 37. Bxa6 Nb3 38. f5 Bd5 39. Bb7 1-0

[Event "World Rapid 2025"]
[Site "Doha QAT"]
[Date "2025.12.28"]
[Round "12.25"]
[White "Muradli, Mahammad"]
[Black "Le, Quang Liem"]
[Result "1-0"]
[WhiteTitle "GM"]
[BlackTitle "GM"]
[WhiteElo "2581"]
[BlackElo "2731"]
[WhiteFideId "13409301"]
[BlackFideId "12401137"]
[EventDate "2025.12.26"]

1. d4 d5 2. c4 e6 3. Nf3 Nf6 4. g3 Bb4+ 5. Bd2 Be7 6. Bg2 O-O 7. O-O Nbd7 8. Qc2
c6 9. Bf4 a5 10. Rd1 a4 11. a3 Ne4 12. h4 f5 13. Nc3 Qa5 14. Nxe4 fxe4 15. Ng5
Nf6 16. Bh3 Nh5 17. Be5 Rf5 18. Bxf5 exf5 19. b4 Qd8 20. cxd5 Qxd5 21. Qa2 Qxa2
22. Rxa2 h6 23. Nh3 Be6 24. Rb2 g5 25. hxg5 hxg5 26. f3 e3 27. Kg2 Kf7 28. Rd3
f4 29. g4 Ng7 30. Nxf4 gxf4 31. Bxf4 Bc4 32. Rxe3 Ne6 33. Be5 b5 34. Rc3 Bf6 35.
e3 Bxe5 36. dxe5 Rd8 37. Rbc2 Nc7 38. e4 Rd4 39. Kf2 Ke6 40. Ke3 Rd1 41. Rc1 Rd8
42. Rh1 Kxe5 43. f4+ Ke6 44. Rh6+ Kd7 45. f5 Re8 46. Kf4 Bd5 47. Rh7+ Kd8 48.
Re3 Bxe4 49. Rxc7 Kxc7 50. Rxe4 Rxe4+ 51. Kxe4 c5 52. bxc5 b4 53. Kd3 bxa3 54.
Kc2 1-0

[Event "World Rapid 2025"]
[Site "Doha QAT"]
[Date "2025.12.28"]
[Round "12.26"]
[White "Nogerbek, Kazybek"]
[Black "Ponomariov, Ruslan"]
[Result "1-0"]
[WhiteTitle "GM"]
[BlackTitle "GM"]
[WhiteElo "2539"]
[BlackElo "2639"]
[WhiteFideId "13710427"]
[BlackFideId "14103320"]
[EventDate "2025.12.26"]

1. e4 c5 2. c3 d5 3. exd5 Qxd5 4. d4 Nf6 5. Nf3 Nc6 6. dxc5 Qxd1+ 7. Kxd1 Bf5 8.
Be3 O-O-O+ 9. Nbd2 Nd5 10. Bb5 e6 11. Bxc6 bxc6 12. Ne5 Nxe3+ 13. fxe3 Bxc5 14.
Ke2 Rd5 15. Nxc6 Bd3+ 16. Kf2 Kb7 17. Nb4 Rf5+ 18. Nf3 Be4 19. Rad1 g5 20. h3 h5
21. Nd3 Bb6 22. Ne5 Bc7 23. Rd4 Bxf3 24. Nxf3 Bb6 25. Rd2 Rc8 26. Ke2 g4 27.
hxg4 hxg4 28. Nd4 Re5 29. Rh7 Rc7 30. Rg7 f5 31. Rxc7+ Kxc7 32. Kd3 Rd5 33. c4
Rd7 34. Kc2 Kc8 35. b4 f4 36. c5 fxe3 37. Rd3 e5 38. Ne2 Bc7 39. Rxd7 Kxd7 40.
Kd3 Kc6 41. Kc4 a6 42. a4 Bd8 43. b5+ axb5+ 44. axb5+ Kd7 45. Kd3 Be7 46. c6+
Kd6 47. Kxe3 Bd8 48. Nc3 Ba5 49. Ne4+ Kd5 50. Nf6+ Kc5 51. Ne8 Kb6 52. Ke4 Bc3
53. c7 Kb7 54. b6 1-0

[Event "World Rapid 2025"]
[Site "Doha QAT"]
[Date "2025.12.28"]
[Round "12.27"]
[White "Alekseenko, Kirill"]
[Black "Pranesh, M"]
[Result "1-0"]
[WhiteTitle "GM"]
[BlackTitle "GM"]
[WhiteElo "2659"]
[BlackElo "2627"]
[WhiteFideId "4135539"]
[BlackFideId "35028600"]
[EventDate "2025.12.26"]

1. e4 e5 2. Nf3 Nc6 3. Bc4 Nf6 4. d3 Bc5 5. Nc3 a6 6. a4 d6 7. Be3 Nd4 8. Bxd4
exd4 9. Ne2 Bb4+ 10. Nd2 Ng4 11. Nxd4 Qf6 12. Nf3 Bc5 13. O-O Qxb2 14. d4 Bxd4
15. Rb1 Bxf2+ 16. Rxf2 Nxf2 17. Kxf2 Qa3 18. Nb3 Qxa4 19. Qd4 Be6 20. Qxg7 O-O-O
21. Bd3 Qb4 22. Qa1 Bc4 23. Qd4 b5 24. Nbd2 Qc5 25. Qxc5 dxc5 26. Nxc4 bxc4 27.
Bxc4 Rd6 28. Bxf7 Rf8 29. Bd5 c6 30. Bc4 Rd2+ 31. Ke3 Rxc2 32. Bxa6+ Kd7 33.
Rb7+ Ke6 34. Rxh7 Ra8 35. Rh6+ Ke7 36. Rxc6 Rxg2 37. Bd3 Ra5 38. h4 Rg3 39. Kf4
Rh3 40. Bf1 Rh1 41. Bc4 Rh3 42. Kg4 Rh1 43. Ne5 Ra3 44. Rxc5 Re3 45. Kf5 Rh2 46.
Rc7+ Kd6 47. Rc6+ Ke7 48. Ng6+ Kd7 49. Bd5 Rg3 50. Ra6 Kd8 51. Kf6 Rg4 52. Kf7
Rd2 53. Rd6+ Kc7 54. Rc6+ Kb8 55. Rc8+ Ka7 56. Rc7+ Kb6 57. Rc6+ Kb5 58. Rf6 Kc5
59. h5 Rh2 60. Rf5 Kd6 61. Kg7 Rhg2 62. Rf6+ Kc5 63. h6 Ra2 64. Bxa2 1-0

[Event "World Rapid 2025"]
[Site "Doha QAT"]
[Date "2025.12.28"]
[Round "12.28"]
[White "Hovhannisyan, Robert"]
[Black "Sargsyan, Shant"]
[Result "1/2-1/2"]
[WhiteTitle "GM"]
[BlackTitle "GM"]
[WhiteElo "2621"]
[BlackElo "2665"]
[WhiteFideId "13302507"]
[BlackFideId "13306766"]
[EventDate "2025.12.26"]

1. e4 c5 2. Nf3 Nc6 3. d4 cxd4 4. Nxd4 e6 5. Nc3 Qc7 6. Be2 a6 7. Nxc6 bxc6 8.
Qd3 h5 9. b3 Nf6 10. Bb2 d5 11. O-O-O Bc5 12. Kb1 Bb7 13. e5 Nd7 14. f4 g6 15.
Na4 Be7 16. c4 Nb6 17. Nxb6 Qxb6 18. cxd5 cxd5 19. Bd4 Qa5 20. Rc1 Kd7 21. Bc3
Qb6 22. Bd4 Qa5 23. Bc3 Qa3 24. Rc2 Rhc8 25. Rhc1 Bc6 26. Bd4 Qb4 27. Qe3 Bb5
28. Bxb5+ Qxb5 29. Bc5 Bd8 30. a4 Qb7 31. Ka2 Rab8 32. Bd6 Bb6 33. Bxb8 Rxb8 34.
Rc5 Rc8 35. a5 Bxc5 36. Rxc5 Qb4 37. Rxc8 Qxa5+ 38. Kb2 Kxc8 39. Qa7 Qd2+ 40.
Ka3 Qc1+ 41. Ka2 Qc2+ 42. Ka3 Qc1+ 43. Ka2 Qc7 44. Qxa6+ Kd7 45. Qa4+ Kd8 46.
Qa8+ Qc8 47. Qa5+ Ke8 48. Kb2 Qc6 49. Qa4 Kd7 50. Qa7+ Qc7 51. Qa4+ Ke7 52. Qa3+
Ke8 53. Qa8+ Qd8 54. Qc6+ Qd7 55. Qa8+ Qd8 56. Qa4+ Kf8 57. Qd4 Qh4 58. h3 Qg3
59. Qd2 g5 60. fxg5 Qxe5+ 61. Ka3 d4 62. h4 Kg7 63. Kb2 Qe4 64. b4 e5 65. Qf2
Kg8 66. Qf3 Qxh4 67. b5 Qxg5 68. b6 e4 69. Qb3 Qd2+ 70. Qc2 Qb4+ 71. Qb3 Qd2+
72. Qc2 Qb4+ 73. Qb3 1/2-1/2

[Event "World Rapid 2025"]
[Site "Doha QAT"]
[Date "2025.12.28"]
[Round "12.29"]
[White "Kosakowski, Jakub"]
[Black "Chigaev, Maksim"]
[Result "1-0"]
[WhiteTitle "GM"]
[BlackTitle "GM"]
[WhiteElo "2549"]
[BlackElo "2626"]
[WhiteFideId "1185080"]
[BlackFideId "4108116"]
[EventDate "2025.12.26"]

1. e4 e5 2. Nf3 Nc6 3. d4 exd4 4. Nxd4 Bc5 5. Nb3 Bb4+ 6. c3 Be7 7. f4 d6 8. Bd3
d5 9. N1d2 Nh6 10. O-O O-O 11. Qc2 dxe4 12. Bxe4 g6 13. Nf3 Bf5 14. Be3 Ng4 15.
Bf2 Bxe4 16. Qxe4 Nxf2 17. Rxf2 Re8 18. Qc2 Qd5 19. Rd1 Qc4 20. f5 Rad8 21. Rdf1
Qd3 22. fxg6 fxg6 23. Qc1 Rd5 24. Re1 Rf8 25. Rd2 Qc4 26. Qd1 Rxd2 27. Qxd2 Bd6
28. Qe2 Qf4 29. Nbd2 Qf7 30. Ne4 Qxa2 31. Qb5 Nd8 32. b3 Qa6 33. Qd5+ Nf7 34.
Nf6+ Kh8 35. Nd7 Kg8 36. Nxf8 Kxf8 37. Nd4 Nd8 38. Qe4 Nc6 39. Rf1+ Kg7 40. Ne6+
Kg8 41. Qf3 1-0

[Event "World Rapid 2025"]
[Site "Doha QAT"]
[Date "2025.12.28"]
[Round "12.30"]
[White "Kozak, Adam"]
[Black "Movahed, Sina"]
[Result "1/2-1/2"]
[WhiteTitle "GM"]
[BlackTitle "GM"]
[WhiteElo "2546"]
[BlackElo "2596"]
[WhiteFideId "753246"]
[BlackFideId "42520835"]
[EventDate "2025.12.26"]

1. d4 Nf6 2. Nf3 g6 3. g3 Bg7 4. Bg2 O-O 5. O-O d6 6. Nc3 d5 7. Re1 Bf5 8. Nh4
Bc8 9. Nf3 Nc6 10. Ne5 Nxe5 11. dxe5 Ng4 12. Qxd5 Nxe5 13. Rd1 Qe8 14. Bf4 c6
15. Qc5 Nd7 16. Qe3 Nb6 17. b3 Bf5 18. Rd2 e6 19. Bh6 Nd5 20. Nxd5 exd5 21. Qxe8
Rfxe8 22. Bxg7 Kxg7 23. e3 a5 24. a4 g5 25. Rc1 g4 26. Rd4 h5 27. h3 Be6 28. Rf4
f5 29. Bf1 Kf6 30. Be2 Ke5 31. f3 Rg8 32. Kf2 gxf3 33. Bxf3 Rh8 34. Rh4 Bf7 35.
Be2 Rad8 36. Bd3 Rd6 37. Rf1 Rf6 38. Kg2 Be6 39. Be2 Rfh6 40. Rff4 Bf7 41. Kf2
Rg8 42. g4 Rg5 43. Bd3 Be6 44. Rxh5 Rgxh5 45. gxh5 Rxh5 46. h4 Rh6 47. Be2 Bf7
48. Bd3 Be6 49. Be2 c5 50. c3 Bd7 51. Bd1 b5 52. axb5 Bxb5 53. Bc2 Bd7 54. Bd1
Rb6 55. h5 Rh6 56. Rh4 Be8 57. Kg3 Bb5 58. Bf3 Bd7 59. Be2 Be8 60. Bf3 Bb5 61.
Bd1 Bd3 62. Ra4 Ra6 63. Rh4 Rh6 64. Ra4 Ra6 65. Kf2 Bb5 66. Ra1 Bd3 67. Be2 Bxe2
68. Kxe2 Rh6 69. Rxa5 Rxh5 70. Rxc5 Ke4 71. c4 Rh2+ 72. Kf1 Kxe3 73. cxd5 f4 74.
Rc3+ Ke4 75. d6 Rd2 76. Rc4+ 1/2-1/2

[Event "World Rapid 2025"]
[Site "Doha QAT"]
[Date "2025.12.28"]
[Round "12.31"]
[White "Mendonca, Leon Luke"]
[Black "Bu, Xiangzhi"]
[Result "1-0"]
[WhiteTitle "GM"]
[BlackTitle "GM"]
[WhiteElo "2615"]
[BlackElo "2665"]
[WhiteFideId "35028561"]
[BlackFideId "8601445"]
[EventDate "2025.12.26"]

1. Nf3 Nf6 2. d4 d5 3. e3 c6 4. c4 g6 5. Nc3 Bg7 6. h3 O-O 7. Bd3 c5 8. O-O cxd4
9. exd4 Nc6 10. a3 b6 11. Bg5 dxc4 12. Bxc4 Na5 13. Ba2 Ba6 14. Re1 Bc4 15. b3
Be6 16. Rxe6 fxe6 17. b4 Nc6 18. Bxe6+ Kh8 19. d5 Nb8 20. Ne5 Nfd7 21. Nxg6+
hxg6 22. Qg4 Rf4 23. Qxf4 Nf8 24. Qh4+ Nh7 25. Rc1 Nd7 26. Bxe7 g5 27. Bxd8 gxh4
28. Bxh4 1-0

[Event "World Rapid 2025"]
[Site "Doha QAT"]
[Date "2025.12.28"]
[Round "12.32"]
[White "Karthik, Venkataraman"]
[Black "Donchenko, Alexander"]
[Result "1-0"]
[WhiteTitle "GM"]
[BlackTitle "GM"]
[WhiteElo "2589"]
[BlackElo "2661"]
[WhiteFideId "25006479"]
[BlackFideId "24603295"]
[EventDate "2025.12.26"]

1. e4 c5 2. Nc3 Nc6 3. f4 g6 4. Nf3 Bg7 5. a4 e6 6. e5 d6 7. Bb5 Ne7 8. Ne4 dxe5
9. fxe5 O-O 10. Nf6+ Kh8 11. d4 Nd5 12. Bxc6 bxc6 13. Ne4 cxd4 14. Qxd4 Qb6 15.
Qxb6 axb6 16. O-O f6 17. exf6 Nxf6 18. Nxf6 Rxf6 19. Be3 c5 20. Rfd1 Bb7 21. Ne5
Rf5 22. Nc4 Rb8 23. Nxb6 Ba6 24. Nd7 Rxb2 25. Nxc5 Bc4 26. Rd8+ Rf8 27. Rxf8+
Bxf8 28. Bd4+ Kg8 29. Bxb2 Bxc5+ 30. Kh1 Kf7 31. Be5 Ba6 32. h4 Ke7 33. Kh2 Kd7
34. Kg3 Kc6 35. Rd1 Be7 36. Rd2 Bc4 37. Kg4 h5+ 38. Kh3 Bd5 39. g4 hxg4+ 40.
Kxg4 Be4 41. Kf4 Bd5 42. Rh2 Bb4 43. Kg5 Be4 44. Kf6 Kd5 45. c3 Ba5 46. Rd2+ Kc5
47. Kxe6 Bc6 48. Kf6 Be8 49. Bd6+ Kc4 50. Bb4 Bc7 51. a5 Kb5 52. Rd5+ Ka6 53.
Ke7 Ba4 54. Kf6 Bg3 55. Rd4 Bc2 56. Kg5 Bc7 57. Rd7 Bg3 58. Rf7 Be1 59. Rf6+ Kb5
60. Rb6+ Ka4 61. a6 Bf2 62. Rb8 Be4 63. Re8 1-0

[Event "World Rapid 2025"]
[Site "Doha QAT"]
[Date "2025.12.28"]
[Round "12.33"]
[White "Pranav, Anand"]
[Black "Theodorou, Nikolas"]
[Result "1/2-1/2"]
[WhiteTitle "GM"]
[BlackTitle "GM"]
[WhiteElo "2591"]
[BlackElo "2652"]
[WhiteFideId "46626786"]
[BlackFideId "4262875"]
[EventDate "2025.12.26"]

1. e4 c5 2. Nf3 Nc6 3. Bb5 e6 4. Bxc6 bxc6 5. d3 Qc7 6. Nc3 e5 7. O-O d6 8. Nd2
Ne7 9. Ne2 Be6 10. f4 f6 11. b3 h5 12. fxe5 dxe5 13. Nc4 Nc8 14. Qe1 Nb6 15. Ne3
Nd7 16. Bd2 h4 17. h3 g6 18. Kh1 Be7 19. Ng1 O-O-O 20. Bc3 Rh5 21. Nf3 Rdh8 22.
Nc4 Kb7 23. a3 Ka8 24. Rb1 Qc8 25. b4 Bxc4 26. dxc4 Nb6 27. Qe2 Qe6 28. Nd2 Rg5
29. Nf3 Rgh5 30. Nd2 Rd8 31. Rf3 Rhh8 32. b5 cxb5 33. Rxb5 Rb8 34. Ba5 Nd7 35.
Rd3 f5 36. a4 a6 37. Rbb3 Qc6 38. Bc3 Rhe8 39. a5 Bd8 40. Rd5 Bc7 41. Qf2 Rf8
42. Qxh4 Nf6 43. Rd3 Nxe4 44. Nxe4 fxe4 45. Rxb8+ Kxb8 46. Re3 Rf4 47. Qh8+ Kb7
48. Bxe5 Qd7 49. Re1 Rf5 50. Rb1+ Ka7 51. Bxc7 Qxc7 52. Qe8 Re5 53. Qxg6 e3 54.
Qg3 e2 55. Re1 Qe7 56. Qf4 Re4 57. Qh6 Re6 58. Qd2 Re3 59. Kg1 Re6 60. Qd5 Re5
61. Qf3 Re3 62. Qf4 Re4 63. Qf3 Re3 64. Qf4 Re4 1/2-1/2

[Event "World Rapid 2025"]
[Site "Doha QAT"]
[Date "2025.12.28"]
[Round "12.34"]
[White "Tabatabaei, M. Amin"]
[Black "Dudin, Gleb"]
[Result "1-0"]
[WhiteTitle "GM"]
[BlackTitle "GM"]
[WhiteElo "2700"]
[BlackElo "2585"]
[WhiteFideId "12521213"]
[BlackFideId "34184934"]
[EventDate "2025.12.26"]

1. d4 Nf6 2. Nc3 d5 3. Bf4 c5 4. e3 Bg4 5. f3 Bd7 6. dxc5 Nc6 7. Nxd5 e5 8. Bg5
Qa5+ 9. Nc3 Be6 10. a3 Nd5 11. Ne2 h6 12. b4 Ncxb4 13. axb4 Qxb4 14. Kf2 Nxc3
15. Nxc3 Bxc5 16. Bb5+ Kf8 17. Qd2 hxg5 18. Ra4 Rc8 19. Rxb4 Bxb4 20. Rb1 Bxc3
21. Qd6+ Kg8 22. Bd7 Rd8 23. Rxb7 Rh6 24. Rb8 Rxb8 25. Qxb8+ Kh7 26. Bxe6 Rxe6
27. Qc7 Bb4 28. Qxf7 Re7 29. Qf5+ g6 30. Qc8 a5 31. c3 Ba3 32. Qa6 Rd7 33. Qxa5
Rd2+ 34. Ke1 Bc1 35. Qa1 1-0

[Event "World Rapid 2025"]
[Site "Doha QAT"]
[Date "2025.12.28"]
[Round "12.35"]
[White "Bai, Jinshi"]
[Black "Raja, Harshit"]
[Result "1-0"]
[WhiteTitle "GM"]
[BlackTitle "GM"]
[WhiteElo "2599"]
[BlackElo "2472"]
[WhiteFideId "8602280"]
[BlackFideId "5089000"]
[EventDate "2025.12.26"]

1. Nf3 d5 2. g3 Nf6 3. Bg2 g6 4. d4 Bg7 5. c4 c6 6. O-O O-O 7. Nc3 Ne4 8. h4 Bf5
9. h5 Nd7 10. h6 Bf6 11. Qb3 Qb6 12. cxd5 Qxb3 13. axb3 Nxc3 14. bxc3 cxd5 15.
Nd2 e5 16. Bxd5 exd4 17. cxd4 Bxd4 18. Ra4 Bf6 19. Ne4 Be5 20. Bxb7 Rab8 21. Bc6
Rfc8 22. Bxd7 Bxd7 23. Rxa7 Bg4 24. Bf4 Rb4 25. Ra4 Rxa4 26. bxa4 f5 27. Ng5 Bf6
28. f3 Bh5 29. Rb1 Re8 30. Kf1 1-0

[Event "World Rapid 2025"]
[Site "Doha QAT"]
[Date "2025.12.28"]
[Round "12.36"]
[White "Gan-Erdene, Sugar"]
[Black "Quparadze, Giga"]
[Result "0-1"]
[WhiteTitle "IM"]
[BlackTitle "GM"]
[WhiteElo "2444"]
[BlackElo "2502"]
[WhiteFideId "4902980"]
[BlackFideId "13602250"]
[EventDate "2025.12.26"]

1. e4 c5 2. Nf3 e6 3. d4 cxd4 4. Nxd4 a6 5. Bd3 Nf6 6. O-O Qc7 7. Qe2 d6 8. c4
g6 9. Nc3 Bg7 10. Be3 O-O 11. f4 b6 12. Rac1 Bb7 13. b4 Nbd7 14. Nb3 Rac8 15. a4
a5 16. bxa5 bxa5 17. Nb5 Qb8 18. Bf2 Nh5 19. g3 Nc5 20. Bxc5 dxc5 21. e5 Rfd8
22. Be4 Bxe4 23. Qxe4 Qb6 24. Qf3 Bf8 25. Rcd1 Ng7 26. g4 h5 27. h3 Rxd1 28.
Rxd1 Rd8 29. Rxd8 Qxd8 30. Kf1 hxg4 31. hxg4 f5 32. g5 Nh5 33. Ke2 Be7 34. Nc1
Nxf4+ 35. Qxf4 Bxg5 36. Qf3 Qd2+ 37. Kf1 Qxc1+ 38. Kg2 Qb2+ 39. Kf1 Qxe5 40.
Qa8+ Kg7 41. Qxa5 Qf4+ 42. Ke1 Qe4+ 43. Kf2 Bh4+ 44. Kg1 Qg4+ 0-1

[Event "World Rapid 2025"]
[Site "Doha QAT"]
[Date "2025.12.28"]
[Round "12.37"]
[White "Yakubboev, Nodirbek"]
[Black "Meng, Yihan"]
[Result "0-1"]
[WhiteTitle "GM"]
[BlackTitle "IM"]
[WhiteElo "2691"]
[BlackElo "2456"]
[WhiteFideId "14203987"]
[BlackFideId "8631891"]
[EventDate "2025.12.26"]

1. d4 d5 2. c4 dxc4 3. e4 e5 4. Nf3 Bb4+ 5. Nc3 Nf6 6. Nxe5 b5 7. f3 O-O 8. a3
Ba5 9. Be3 c5 10. dxc5 Qe8 11. Qd6 Be6 12. O-O-O Qc8 13. Nxb5 a6 14. Nd4 Bc7 15.
Nxe6 Bxd6 16. Rxd6 fxe6 17. Bxc4 Re8 18. c6 Re7 19. Rhd1 Ne8 20. Rd8 Qc7 21. Bc5
Nxc6 22. Rxa8 Nxe5 23. Bxe7 Nxc4 24. Rxe8+ Kf7 25. Rf8+ Kxe7 26. Rdd8 Nxa3+ 27.
Kd1 Qc2+ 28. Ke1 Qc1+ 29. Kf2 Qxb2+ 30. Kg3 Qe5+ 31. f4 Qxe4 32. f5 Qe3+ 33. Kh4
Qh6+ 34. Kg3 Qg5+ 35. Kf3 Qh5+ 36. g4 Qh3+ 37. Kf2 Qxh2+ 38. Kf3 Qh1+ 39. Kf2
Qc6 40. Rc8 Qb6+ 41. Kg2 exf5 42. gxf5 Nb5 43. Rce8+ Kd7 44. Re6 Qb7+ 45. Kg3
Nd6 0-1

[Event "World Rapid 2025"]
[Site "Doha QAT"]
[Date "2025.12.28"]
[Round "12.38"]
[White "Ahmad, Khagan"]
[Black "Hong, Andrew"]
[Result "1/2-1/2"]
[WhiteTitle "IM"]
[BlackTitle "GM"]
[WhiteElo "2472"]
[BlackElo "2568"]
[WhiteFideId "13431552"]
[BlackFideId "2099438"]
[EventDate "2025.12.26"]

1. Nf3 d5 2. c4 e6 3. g3 Nf6 4. Bg2 Be7 5. d4 O-O 6. Nc3 Nbd7 7. Qd3 b6 8. cxd5
Nxd5 9. O-O Bb7 10. Nxd5 exd5 11. Rd1 a5 12. Bf4 c5 13. Ne5 Nf6 14. e3 c4 15.
Qe2 b5 16. h4 Qb6 17. g4 Rad8 18. a4 b4 19. g5 Ne4 20. Bxe4 dxe4 21. Nxc4 Qe6
22. Ne5 Ba6 23. Qh5 Bd6 24. Rdc1 Bxe5 25. Bxe5 Qh3 26. Rc6 Bc8 27. Qe2 Qxh4 28.
Bg3 Qxg5 29. Rc5 Rd5 30. Rxd5 Qxd5 31. Qb5 Qe6 32. Qxa5 h6 33. Qxb4 Qg6 34. Qd6
Qh5 35. Qe5 Qg6 36. a5 Kh7 37. Qd6 Qh5 38. Qf4 Qg6 39. d5 Bg4 40. a6 Bf3 41. a7
Qh5 42. Qh4 Qxd5 43. Bb8 Rc8 44. a8=Q Qxa8 45. Rxa8 Rc1+ 46. Kh2 g5 1/2-1/2

[Event "World Rapid 2025"]
[Site "Doha QAT"]
[Date "2025.12.28"]
[Round "12.39"]
[White "Kadric, Denis"]
[Black "Sklokin, Sergey"]
[Result "1-0"]
[WhiteTitle "GM"]
[BlackTitle "FM"]
[WhiteElo "2543"]
[BlackElo "2407"]
[WhiteFideId "14403803"]
[BlackFideId "55730230"]
[EventDate "2025.12.26"]

1. e4 c6 2. d4 d5 3. e5 Bf5 4. h4 h6 5. c3 e6 6. h5 c5 7. g4 Be4 8. f3 Bh7 9.
Bd3 Bxd3 10. Qxd3 Nc6 11. Ne2 cxd4 12. cxd4 Bb4+ 13. Nd2 Nge7 14. a3 Bxd2+ 15.
Bxd2 a6 16. f4 f5 17. exf6 gxf6 18. O-O-O Qd7 19. g5 fxg5 20. fxg5 O-O-O 21.
gxh6 Nf5 22. Kb1 Kb8 23. Rdg1 Ka8 24. Rg6 Nce7 25. Bg5 Nxg6 26. hxg6 Rdg8 27.
Nf4 Qe8 28. Re1 Nxh6 29. Rxe6 Qa4 30. Bf6 Nf5 31. Bxh8 Rxh8 32. Nxd5 Qxd4 33.
Qxd4 Nxd4 34. g7 Rg8 35. Re8+ 1-0

[Event "World Rapid 2025"]
[Site "Doha QAT"]
[Date "2025.12.28"]
[Round "12.40"]
[White "Makhnev, Denis"]
[Black "Rapport, Richard"]
[Result "1-0"]
[WhiteTitle "GM"]
[BlackTitle "GM"]
[WhiteElo "2532"]
[BlackElo "2741"]
[WhiteFideId "13707647"]
[BlackFideId "738590"]
[EventDate "2025.12.26"]

1. d4 g6 2. e4 Bg7 3. Nf3 d6 4. Bc4 e6 5. Qe2 Ne7 6. O-O a6 7. a4 b6 8. Nc3 Bb7
9. d5 e5 10. a5 O-O 11. axb6 cxb6 12. Nd2 f5 13. Nb3 f4 14. f3 g5 15. Bd2 Ng6
16. Be1 Bc8 17. Bf2 h5 18. Bb5 Ra7 19. Bc6 Raf7 20. Na4 b5 21. Nb6 g4 22. Nxc8
Qxc8 23. Na5 g3 24. Be1 Bf6 25. Bb4 gxh2+ 26. Kh1 Be7 27. c4 bxc4 28. Rfc1 h4
29. Nxc4 Rf6 30. Qf2 h3 31. Ba5 Bd8 32. Nb6 Bxb6 33. Bxb6 hxg2+ 34. Qxg2 R8f7
35. Ba4 Qf8 36. Rc7 Rxc7 37. Bxc7 Qc8 38. Rc1 Kg7 39. Rc3 Qh8 40. Qg4 Kf7 41.
Rb3 Qh4 42. Qxh4 Nxh4 43. Bd8 1-0

[Event "World Rapid 2025"]
[Site "Doha QAT"]
[Date "2025.12.28"]
[Round "12.41"]
[White "Nesterov, Arseniy"]
[Black "Wojtaszek, Radoslaw"]
[Result "1-0"]
[WhiteTitle "GM"]
[BlackTitle "GM"]
[WhiteElo "2595"]
[BlackElo "2667"]
[WhiteFideId "24198455"]
[BlackFideId "1118358"]
[EventDate "2025.12.26"]

1. d4 Nf6 2. c4 e6 3. Nf3 d5 4. g3 Bb4+ 5. Bd2 Be7 6. Bg2 Nbd7 7. Qc2 c6 8. O-O
O-O 9. b3 b6 10. Nc3 Ba6 11. e4 dxc4 12. Rfe1 h6 13. h4 Rc8 14. Nd1 c5 15. d5
exd5 16. e5 Ne4 17. Bf4 b5 18. bxc4 bxc4 19. Ne3 Bb7 20. Rad1 Nb6 21. Nf5 Qe8
22. Bxh6 gxh6 23. Nxh6+ Kh8 24. Nf5 Rc6 25. Rxe4 dxe4 26. Qxe4 Rd6 27. Qg4 Rg6
28. Qh5+ Kg8 29. e6 Bf6 30. e7 Bxe7 31. Re1 Nc8 32. Ng5 Bxg5 33. Rxe8 Rxe8 34.
Bxb7 c3 35. Bd5 Kf8 36. hxg5 1-0

[Event "World Rapid 2025"]
[Site "Doha QAT"]
[Date "2025.12.28"]
[Round "12.42"]
[White "Murzin, Volodar"]
[Black "Puranik, Abhimanyu"]
[Result "1-0"]
[WhiteTitle "GM"]
[BlackTitle "GM"]
[WhiteElo "2648"]
[BlackElo "2622"]
[WhiteFideId "44155573"]
[BlackFideId "5061245"]
[EventDate "2025.12.26"]

1. e4 e5 2. Nf3 Nc6 3. Bc4 Nf6 4. d3 Be7 5. O-O O-O 6. Re1 d6 7. a4 a5 8. h3 Be6
9. Nbd2 h6 10. b3 Re8 11. Bb2 Bf8 12. Nf1 Ne7 13. Nh4 c6 14. Bxe6 fxe6 15. f4
exf4 16. Bxf6 gxf6 17. Qg4+ Kf7 18. Qxf4 Ng6 19. Nxg6 Kxg6 20. Qg4+ Kh7 21. Ng3
Bg7 22. Nh5 Qd7 23. Rf1 Qf7 24. Rf3 Rg8 25. Raf1 Raf8 26. Qh4 f5 27. exf5 exf5
28. Rxf5 Qg6 29. Nxg7 Rxg7 30. R5f2 Rf3 31. Re1 Rg3 32. Qe4 Qxe4 33. Rxe4 Rxh3
34. Re6 d5 35. Re8 Rh5 36. Ra8 d4 37. Rd8 Rh4 38. Rff8 Rhg4 39. Rh8+ Kg6 40.
Rde8 Rg5 41. Re6+ Kf7 42. Re2 h5 43. Rd8 Rg4 44. Rd6 h4 45. Kh2 Kg8 46. Rd8+ Kh7
47. Rf8 Kg6 48. Ra8 Rg5 49. Rh8 Rg4 50. Kh3 Rg3+ 51. Kh2 Rg4 52. Rf2 Re7 53.
Rff8 Rg7 54. Rf2 Re7 55. Kh3 Rg3+ 56. Kxh4 Rge3 57. Rg8+ Kh7 58. Rg4 Re2 59.
Rgf4 b5 60. g4 bxa4 61. bxa4 Rxf2 62. Rxf2 Kg6 63. Rf5 Re1 64. Rxa5 Ra1 65. Rc5
Rxa4 66. Rxc6+ Kf7 67. Kg5 Ra1 68. Kf5 Re1 69. g5 Re2 70. Rc7+ Kg8 71. g6 Re8
72. Kf6 Kf8 73. Rf7+ Kg8 74. g7 1-0